Score 0/12 Timer 02:00
0 Plays Today
Hint Answer % Correct
The _____ TrapParent
98%
_____ FridayFreaky
93.8%
_____ GirlsMean
89.7%
Confessions of a Teenage _____ QueenDrama
85.1%
Herbie: _____ LoadedFully
83.7%
Just My _____Luck
74.5%
I Know Who _____ MeKilled
60.3%
A _____ Home CompanionPrairie
41.9%
Get a _____Clue
35.4%
Labor _____Pains
34.1%
_____ RuleGeorgia
22.6%
Life-_____Size
22.5%

Today's Daily Dose

Remove Ads.
Support Sporcle.
Get the best of Sporcle when you Go Orange. This ad-free experience offers more features, more stats, and more fun while also helping to support Sporcle. Thank you for becoming a member.

You're not logged in!

Compare scores with friends on all Sporcle quizzes.
OR
Log In

Show Comments

Extras

Top Quizzes Today


Score Distribution

Your Account Isn't Verified!

In order to create a playlist on Sporcle, you need to verify the email address you used during registration. Go to your Sporcle Settings to finish the process.

Report this User

Report this user for behavior that violates our Community Guidelines.

Details: